| 000 | 00395pab a2200157 454500 | ||
|---|---|---|---|
| 008 | 180718b2001 xxu||||| |||| 00| 0 eng d | ||
| 100 | _aStella, Antony | ||
| 245 | _aInstitutional accreditation by NAAC: scores and stars | ||
| 260 | _c2001 | ||
| 300 | _ap.50-59 | ||
| 362 | _a3 Sep | ||
| 650 | _aEducational assessment | ||
| 700 | _aGnanam, A. | ||
| 773 | _aUniversity News | ||
| 909 | _a49965 | ||
| 999 |
_c49965 _d49965 |
||